Canciones

Đã lưu trong:
Chi tiết về thư mục
Tác giả chính: VEGA, GARCILASO DE LA (Tác giả)
Định dạng: Sách
Ngôn ngữ:Tiếng Tây Ban Nha
Được phát hành: Valparaíso Universidad Católica de Valparaíso 1977
Những chủ đề:
Các nhãn: Thêm thẻ
Không có thẻ, Là người đầu tiên thẻ bản ghi này!

MARC

LEADER 00000nam a2200000 a 4500
001 UCV8816
003 CL-VaPUC
008 911217e19770000CL |||||||||||||||||spa|d
082 0 4 |a 861  |b GAR  |2 21 
100 |a VEGA, GARCILASO DE LA  |e author  |9 508868 
245 1 0 |a Canciones 
942 |c BK 
945 |d 19911217 00:00:00 
260 |a Valparaíso  |b Universidad Católica de Valparaíso  |c 1977 
500 |a Contiene 4 folletos 
650 0 |a Poesías españolas  |9 265100 
583 |a last modification  |c 19911217 00:00:00  |k Rodrigo Vera 
999 |c 214262  |d 214260 
952 |0 0  |1 0  |4 0  |6 861_000000000000000_GAR_1977  |7 0  |8 P  |9 197460  |a BIBARQ  |b BIBARQ  |d 2019-11-14  |i 2651297  |o 861 GAR 1977  |p 2651297  |r 2025-01-20  |w 2019-11-14  |y BK  |k ARQ